LEADER 01315nam a2200301 u 4500 001 000000092707 003 CaOOAMICUS 005 20070226124952.0 008 060725s2006 vc u000 u ita u 020 $a8840160108 035 $a11096247 040 $aPUL$bita 100 1 $aNaaman, Boutros.$0(OLS)http://pul/name/59789 245 10$aVolti dell'Islam post-moderno /$cBoutros Naaman, Edoardo Scognamiglio. 260 $aCittà del Vaticano :$bUrbaniana University Press,$cc2006. 300 $a284 p. ;$c24 cm 490 1 $aMissiologia ;$v3 504 $aInclude indice e riferimenti bibliografici (p.271-284). 650 4$aIslam.$0(OLS)http://pul/subject/2044 650 4$aIslam$xVita e costumi sociali.$0(OLS)http://pul/subject/27400 700 1 $aScognamiglio, Edoardo,$cO.F.M.Conv.,$d1970-$0(OLS)http://pul/name/36773 830 0$aMissiologia ;$v3.$0(OLS)http://pul/title/119627 850 $aPUL 852 $aPUL$W1$xSL Religione 3$y85$m297 NAABO 1$j116559$nBK-PRI$b $qDDC 21$B116559$CPULBib$Z2$F116559 $HPUL101893 $81 941 1 $a9 996 $6020$a8840160108$9(OLS)http://pul/number/121919 996 $6245$aVolti dell'Islam post-moderno$9(OLS)http://pul/title/119626 996 $6260$aCittà del Vaticano :$bUrbaniana University Press$9(OLS)http://pul/publisher/66922 LEADER 01788nam a2200361 a 4500 001 000000010243 003 CaOOAMICUS 005 20100525122501.0 008 941103s1982 be u000 u lat r 035 $a10254294 040 $aPUL(R)$bita$delep 041 0 $alat$afre 100 1 $aRaimundus Lullus,$cbeato,$d1233/35-1315.$0(OLS)http://pul/name/3716 245 10$aRaimundi Lulli opera latina.$n114-117, 119 :$bin monte Pessulano anno MCCCV composita /$cedidit Louis Sala-Molins. 260 $aTurnholti :$bBrepols,$c1982. 490 1 $aRaimundi Lulli opera latina ;$v10 490 1 $aCorpus Christianorum.$aContinuatio Mediaevalis ;$v36 500 $aContiene indici. 504 $aBibliografia: p. [xxiv]-xxvii. 546 $aTesto in latino, introduzione in francese. 700 1 $aSala-Molins, Louis.$0(OLS)http://pul/name/10109 776 1 $aRaimundus Lullus, beato, 1233/35-1315.$tOpera Latina 114-117.$dTurnhout : Brepols, 1982.$kCorpus Christianorum. Instrumnta Lexiicologica Latina. Series A$w()123655 830 0$aCorpus Christianorum.$pContinuatio Mediaevalis ;$v36.$0(OLS)http://pul/title/6 830 0$aRaimundi Lulli opera latina ;$v10.$0(OLS)http://pul/title/14969 850 $aPUL 852 $aPUL$W1$xSL Cons. Gen., Altre Classi 1$y1$m2008 B 1.36$j139995$nBK-PRI$qStampati$B14577$CPULBib$Z2$F14577 $H50200 $82 900 $aLull, Ramòn,$d1235-1315$93716 900 $aRaymundus Lullus,$d1235-1315$93716 900 $aRaimondo Lullo,$d1235-1315$93716 900 $aLullo, Raimondo,$d1235-1315$93716 941 1 $a8 996 $6245$aRaimundi Lulli opera latina.$n114-117, 119 :$bin monte Pessulano anno MCCCV composita$9(OLS)http://pul/title/14974 996 $6260$aTurnholti :$bBrepols$9(OLS)http://pul/publisher/47842